Central Library OPAC University of Rajshahi

The epic of Mount Everest / (Record no. 20418)

MARC details
000 -LEADER
fixed length control field 00741cam a2200229 a 4500
001 - CONTROL NUMBER
control field 20418
003 - CONTROL NUMBER IDENTIFIER
rucl marc code BD-RjUL
005 - DATE AND TIME OF LATEST TRANSACTION
control field 20211209000549.0
008 - FIXED-LENGTH DATA ELEMENTS--GENERAL INFORMATION
fixed length control field 140301r19471926enka 001 0 eng d
035 ## - SYSTEM CONTROL NUMBER
System control number OCLC ocm02546394 from D970423M
-- (BD-RjUL)20480
040 ## - CATALOGING SOURCE
Original cataloging agency DLC
Transcribing agency OHI
Modifying agency OCL
-- EQO
-- BD-RjUL
Language of cataloging eng
041 ## - LANGUAGE CODE
Language code of text/sound track or separate title eng
082 ## - DEWEY DECIMAL CLASSIFICATION NUMBER
Classification number 915.42
Author mark and year YOE 1947
100 1# - MAIN ENTRY--PERSONAL NAME
Personal name Younghusband, Francis
Dates associated with a name 1863-1942.
9 (RLIN) 62959
245 14 - TITLE STATEMENT
Title The epic of Mount Everest /
Statement of responsibility, etc. Sir Francis Younghusband.
260 ## - PUBLICATION, DISTRIBUTION, ETC. (IMPRINT)
Place of publication, distribution, etc. London :
Name of publisher, distributor, etc. E. Arnold,
Date of publication, distribution, etc. 1926 [reprinted 1947]
300 ## - PHYSICAL DESCRIPTION
Pagination 319 p. :
Illustrations front., ill. (maps) plates, ports. ;
Size 18 cm.
651 #0 - SUBJECT ADDED ENTRY--GEOGRAPHIC NAME
Geographic name Everest, Mount (China and Nepal)
9 (RLIN) 35381
942 ## - ADDED ENTRY ELEMENTS (KOHA)
Source of classification or shelving scheme Dewey Decimal Classification
Koha item type Books
Holdings
Lost status Source of classification or shelving scheme Damaged status Not for loan Collection code Permanent Location Current Location Shelving location Date acquired Source of acquisition Cost, normal purchase price Total Checkouts Full call number Date last seen Copy number Koha item type
  Dewey Decimal Classification   Added to bundle Non-fiction Central Library, University of Rajshahi Central Library, University of Rajshahi Reading Room 04/03/1957 Pub-United 6.15   915.42 YOE 1947 01/03/2014 C-1 Books
  Dewey Decimal Classification     Non-fiction Central Library, University of Rajshahi Central Library, University of Rajshahi   19/09/1957 kamala bk dep 6.60   915.42 YOE 1933 02/03/2014 C-2 Books